A magyar villamosenergia-rendszer stratégiai fejlesztése

Elmentve itt :
Bibliográfiai részletek
Szerző: Bakács István
Dokumentumtípus: Cikk
Megjelent: 1997
Sorozat:Iskolakultúra 7 No. 11
Online Access:http://misc.bibl.u-szeged.hu/40799
LEADER 00580nab a2200169 i 4500
001 misc40799
005 20191106141010.0
008 180709s1997 hu o 0|| zxx d
022 |a 1215-5233 
040 |a SZTE Miscellanea Repozitórium  |b hun 
041 |a zxx 
100 1 |a Bakács István 
245 1 2 |a A magyar villamosenergia-rendszer stratégiai fejlesztése  |h [elektronikus dokumentum] /  |c  Bakács István 
260 |c 1997 
300 |a 134-138 
490 0 |a Iskolakultúra  |v 7 No. 11 
856 4 0 |u http://misc.bibl.u-szeged.hu/40799/1/5_EPA00011_iskolakultura_1997-11.pdf  |z Dokumentum-elérés